Bienvenue à la Médiathèque de Saint-Andiol
banniere
Accueil Recherche avancée Mon compte
handi1 Rechercher dans le catalogue

Filtre   Mots-clés
  Recherche avancée
 
Lister les dernières nouveautés
 
Lister les livres GROS CARACTERES
 
Lister les périodiques (magazines)

handi1 sortilège corse (Le)

<< Retourner aux résultats de la recherche
Book Cover
Auteur principal : Christophe Arleston
Autres auteurs : Audrey Alwett
Autres auteurs : Mini Ludvin
Titre : sortilège corse (Le)
Support : Livres
Langue : Francais
Publié : DL 2025 Drakoo Charnay-lès-Mâcon (Saône-et-Loire)
Series : Le grimoire d'Elfie
Genre : Bande Dessinée (enfants)
Collection : Le grimoire d'Elfie
Sujets :
Étiquettes :
Pas de tags
LEADER 01500nam0a2200241 450
001 16868368
010 |a 978-2-38233-310-5  |b rel.  |d 16,9 € 
100 |a 20260529d2026 u u0frey01 ba 
101 0 |a fre 
102 |a FR 
200 0 |a sortilège corse (Le)  |f scénario, Christophe Arleston, Audrey Alwett  |g dessins, Mini Ludvin - couleurs, Cytros Treb 
207 1 |a   
210 |a Charnay-lès-Mâcon (Saône-et-Loire)  |c Drakoo  |d DL 2025 
215 |a 1 vol. (79 p.)  |c ill. en coul.  |d 30 cm 
225 1 |a Le grimoire d'Elfie 
330 |a Une aventure tendre et drôle qui rend hommage à la plus belle île de Méditerranée. Dans les montagnes corses, Elfie et ses soeurs retrouvent le village natal de leur grand-mère, où elles sont accueillies à bras ouverts. Mais Magda est en proie aux douleurs fantômes qui hantent sa jambe amputée.Elfie apprend qu'Orso, un pompier volontaire, savait apaiser la souffrance. Mais aujourd'hui, il refuse de pratiquer son art... Etait-il un sorcier lui aussi ? Et si oui, comment faire pour qu'il le redevienne ?Aidée d'un cochon peureux et de grands-mères au fort caractère, Elfie enquête sur Orso et son frère mystérieusement disparu... 
461 0 |t Le grimoire d'Elfie 
700 0 |a Arleston  |b Christophe  |f 1963-....  |4 70 
701 0 |a Alwett  |b Audrey  |f 1982-....  |4 70 
702 0 |a Mini Ludvin  |4 440 
900 |a Bande Dessinée (enfants) 
901 |a Jeunesse 
995 |a Médiathèque  |c Médiathèque  |f 089021928  |h 089021928  |k BD GRI  |o p  |q j  |r az  |e Médiathèque